| 000 | 00457nam a22001937a 4500 | ||
|---|---|---|---|
| 003 | MPLRDC | ||
| 005 | 20220104143702.0 | ||
| 008 | 210129b ||||| |||| 00| 0 eng d | ||
| 020 | _a957-33-0775-8 | ||
| 082 | _a848.2 XY-10 | ||
| 100 | _a小野著 | ||
| 245 |
_a失去的童话工厂 _c |
||
| 250 | _a九刷 | ||
| 260 |
_a _b皇冠文学 _c1998 |
||
| 300 | _b平 | ||
| 490 | _a皇冠丛书;2045 | ||
| 650 | _a现代别集 | ||
| 942 |
_cBK _o848.2 XY-10 |
||
| 999 |
_c42323 _d42313 |
||